VIDEO GAMES CHARACTERS (HINTS) - Statistics

General Stats
  • This quiz has been taken 907 times
  • The average score is 5 of 11
Answer Stats
Hint Answer % Correct
moustache and taller than mario luigi
90%
moustache and red shirt and blue overalls mario
88%
furry with metal sidekick ratchet
61%
green armour yellow viser master chief
53%
MASSIVE sword cloud
52%
italian running around with a hood shanking people ezio
44%
angel/demon dante
30%
green/yellow hair and long ears jak
20%
otter/weasel (ottsel) daxter
18%
electric powers cole
17%
kane and long tail sly cooper
10%
No matching quizzes found
Score Distribution
Percent of People with Each Score
Percentile by Number Answered
Your Score History
You have not taken this quiz